Electromagnetic energy conversion devices and systems (Record no. 23280)

000 -LEADER
fixed length control field 00609nam a2200217 4500
001 - CONTROL NUMBER
control field 23280
003 - CONTROL NUMBER IDENTIFIER
control field BD-DhUET
008 - FIXED-LENGTH DATA ELEMENTS--GENERAL INFORMATION
fixed length control field 700114s1970 njua b 001 0 eng
020 ## - INTERNATIONAL STANDARD BOOK NUMBER
International Standard Book Number 013249003X
040 ## - CATALOGING SOURCE
Original cataloging agency DLC
Transcribing agency DLC
Modifying agency BD-DhUET
082 00 - DEWEY DECIMAL CLASSIFICATION NUMBER
Classification number 623.16
Item number SAN/1970
100 ## - MAIN ENTRY--PERSONAL NAME
Personal name S. A. Nasar
245 10 - TITLE STATEMENT
Title Electromagnetic energy conversion devices and systems
250 ## - EDITION STATEMENT
Edition statement 1st ed.
260 ## - PUBLICATION, DISTRIBUTION, ETC. (IMPRINT)
Place of publication, distribution, etc. New Jersey
Name of publisher, distributor, etc. Prentice-Hall
Date of publication, distribution, etc. 1970
300 ## - PHYSICAL DESCRIPTION
Extent xviii, 391p.
Other physical details illus.
490 0# - SERIES STATEMENT
Series statement Prentice-Hall electrical engineering series
504 ## - BIBLIOGRAPHY, ETC. NOTE
Bibliography, etc Includes bibliographies
650 #0 - SUBJECT ADDED ENTRY--TOPICAL TERM
Topical term or geographic name as entry element Electromagnetic devices
942 ## - ADDED ENTRY ELEMENTS (KOHA)
Koha item type General Book
Holdings
Copy number Withdrawn status Shelving location Price effective from Location (home branch) Koha item type Koha normalized classification for sorting Damaged status Date acquired Koha date last seen Lost status Source of classification or shelving scheme Not for loan Koha full call number Piece designation (barcode) Sublocation or collection (holding branch)
1 Circulation section2015-05-03Central Library, BUETEdited Book623_160000000000000_SAN_1970 2015-05-032015-05-03   623.16/SAN/197019443Central Library, BUET
2 Circulation section2015-05-03Central Library, BUETEdited Book623_160000000000000_SAN_1970 2015-05-032015-05-03   623.16/SAN/197017588Central Library, BUET
3 Circulation section2015-05-03Central Library, BUETEdited Book623_160000000000000_SAN_1970 2015-05-032015-05-03   623.16/SAN/197017587Central Library, BUET
4 Circulation section2015-05-03Central Library, BUETEdited Book623_160000000000000_SAN_1970 2015-05-032015-05-03   623.16/SAN/197024214Central Library, BUET
5 Circulation section2015-05-03Central Library, BUETEdited Book623_160000000000000_SAN_1970 2015-05-032015-05-03   623.16/SAN/197025316Central Library, BUET
6 Reading section2015-06-25Central Library, BUETReading Item623_160000000000000_SAN_1970 2015-06-252015-06-25   623.16/SAN/197036962Central Library, BUET